| 000 | 007060000a22002530004500 | ||
|---|---|---|---|
| 650 | _aEnglish language | ||
| 650 | _aGrammar | ||
| 650 | _aPhonetics | ||
| 650 | _aLinguistics | ||
| 650 | _aLanguage instruction | ||
| 650 | _aMorphology (Linguistics) | ||
| 650 | _aVerbs | ||
| 082 |
_a425 _bW288p _cD |
||
| 518 | _a991118 | ||
| 530 | _aThes | ||
| 100 | _aWasti, Anjana Bhattarai | ||
| 245 | _aA pedagogic grammar of the English verbs for the English verbs for the Nepali secondary school teachers | ||
| 260 | _aHyderabad, India | ||
| 502 |
_aThesis _bPh. D. in Applied Linguistics, University of Hyderabad |
||
| 260 | _c1998 | ||
| 041 | _aEng | ||
| 300 |
_axx, 558p. _billus |
||
| 942 | _cGEN | ||
| 999 |
_c19992 _d19992 |
||